Haikyuu!! Karasuno Team Members - Statistics

General Stats
  • This quiz has been taken 38 times
  • The average score is 13 of 15
Answer Stats
Number Poste School Year Player % Correct
N°2 Setter 3rd Year Kōshi Sugawara
100%
N°9 Setter 1st Year Tobio Kageyama
100%
N°4 Libero 2nd Year Yū Nishinoya
100%
N°3 Wing Spiker (Ace) 3rd Year Asahi Azumane
97%
N°1 Wing Spiker / Captain 3rd Year Daichi Sawamura
97%
N°11 Middle Blocker 1st Year Kei Tsukishima
97%
N°5 Wing Spiker 2nd Year Ryūnosuke Tanaka
97%
N°10 Middle Blocker 1st Year Shōyō Hinata
97%
N°12 Pinch Server 1st Year Tadashi Yamaguchi
94%
Coach Adult Keishin Ukai
89%
Manager 1st Year Hitoka Yachi
86%
Manager 3rd Year Kiyoko Shimizu
86%
N°6 Wing Spiker 2nd Year Chikara Ennoshita
81%
N°8 Wing Spiker 2nd Year Hisashi Kinoshita
64%
N°7 Middle Blocker 2nd Year Kazuhito Narita
53%
No matching quizzes found
Score Distribution
Percent of People with Each Score
Percentile by Number Answered
Your Score History
You have not taken this quiz